000 00927nam a2200325 4500
001 000437058
003 DO-SdBNP
005 20180202104833.0
007 000437058
008 950330s1994 sp | ||| ||spa
016 7 _a
_2BPMSU
017 _a
_b
020 _a8448030214
035 _a
040 _aBPMSU
_bspa
_cBPMSU
_e
041 1 _aspa
_h
080 0 _a
100 1 _aThompson, Paul B.
240 1 0 _aFirstborn
_lEspañol
245 1 3 _aEl primogénito /
_h
_cPaul B. Thompson, Tonya R. Carter ; traducción, Mila López
260 _aBarcelona :
_bTimun Mas,
_c1994
300 _av.
_bil.
_c23 cm.
490 1 _aDragonlance, las naciones élficas
_vv. 1
700 1 _aCarter, Tonya R.
700 1 _aLópez Díaz-Guerra, Milagros
830 0 _aDragonlance,
_l
_p Las naciones élficas
942 _2ddc
_cBK
945 _aInventariado, 2018/ YL
956 _aVMATEO
_210
_320151208
_6BPMSU
_800151
999 _c9048
_d9048